[Event "New York 1000 GM Winter IM-C"]
[Site "New York"]
[Date "2024.01.13"]
[Round "4"]
[White "Yudasin, Leonid"]
[Black "Goktepe, Derin"]
[Result "1/2-1/2"]
[WhiteElo "2353"]
[BlackElo "2187"]
[PlyCount "35"]
[EventDate "2024.01.11"]
[EventType "swiss"]
[EventRounds "9"]
[EventCountry "USA"]
[SourceTitle "CB04_2024"]
[SourceDate "2023.10.16"]
[SourceVersion "1"]
[SourceVersionDate "2023.10.16"]
[SourceQuality "1"]

1. e4 e5 2. Nf3 Nc6 3. Bc4 Bc5 4. c3 Nf6 5. b4 Be7 6. d3 d5 7. exd5 Nxd5 8. 0-0 0-0 9. b5 Na5 10. Bxd5 Qxd5 11. c4 Qd8 12. Bd2 c5 13. Nxe5 Bf6 14. Bc3 Bxe5 15. Bxe5 Bf5 16. Bc3 b6 17. Nd2 Qxd3 18. Bxa5 1/2-1/2

[Event "Sunnyvale 1000 IM Winter 01"]
[Site "Sunnyvale"]
[Date "2024.01.06"]
[Round "8"]
[White "Goktepe, Derin"]
[Black "Arenas Vanegas, David"]
[Result "1/2-1/2"]
[WhiteElo "2187"]
[BlackElo "2406"]
[PlyCount "41"]
[EventDate "2024.01.02"]
[EventType "schev"]
[EventRounds "9"]
[EventCountry "USA"]
[SourceTitle "CB02_2024"]
[SourceDate "2024.01.10"]
[SourceVersion "1"]
[SourceVersionDate "2024.01.10"]
[SourceQuality "1"]

1. d4 Nf6 2. c4 e6 3. Nf3 d5 4. Nc3 dxc4 5. e4 b5 6. Nxb5 Nxe4 7. Qa4 c6 8. Nc3 Nd6 9. Bf4 Be7 10. Bxd6 Qxd6 11. Bxc4 0-0 12. 0-0 Nd7 13. Ne4 Qf4 14. Qc2 a5 15. Bd3 Ba6 16. Bxa6 Rxa6 17. b3 h6 18. Qd3 Rfa8 19. Rac1 a4 20. bxa4 Rxa4 21. Rxc6 1/2-1/2

[Event "Sunnyvale 1000-A 09"]
[Site "Sunnyvale"]
[Date "2023.09.16"]
[Round "2"]
[White "Goktepe, Derin"]
[Black "Jaquez, Juan Manuel"]
[Result "1/2-1/2"]
[WhiteElo "2163"]
[BlackElo "2202"]
[PlyCount "148"]
[EventDate "2023.09.16"]
[EventType "schev"]
[EventRounds "5"]
[EventCountry "USA"]
[SourceTitle "EXT 2024"]
[Source "ChessBase"]
[SourceDate "2023.10.10"]
[SourceVersion "1"]
[SourceVersionDate "2023.10.10"]
[SourceQuality "1"]

1. d4 Nf6 2. c4 e6 3. Nc3 Bb4 4. f3 c5 5. d5 Bxc3+ 6. bxc3 d6 7. e4 e5 8. Bd3 0-0 9. Ne2 Nbd7 10. Be3 Qa5 11. Qb3 Ne8 12. g4 Nc7 13. Kf2 Nb6 14. Ng3 Bd7 15. Nf5 Ba4 16. Qb2 Ne8 17. h4 Rb8 18. Rab1 Nd7 19. Qa3 Qa6 20. h5 Nb6 21. Qb2 Rd8 22. Qe2 Bd7 23. Rbg1 f6 24. g5 Bxf5 25. exf5 Rd7 26. h6 fxg5 27. Rxg5 Nf6 28. Rhg1 Rff7 29. Rxg7+ Rxg7 30. hxg7 Rxg7 31. Bh6 Rxg1 32. Kxg1 Kf7 33. Qg2 Ne8 34. f6 Nxd5 35. Bxh7 Ndxf6 36. Qg6+ Ke7 37. Bg5 Qxc4 38. Bg8 Qxc3 39. Bxf6+ Nxf6 40. Qf7+ Kd8 41. Qxf6+ Kc7 42. Be6 Qd4+ 43. Kg2 Kb6 44. Qf7 Ka6 45. Bd5 Qb4 46. Qe6 Qb6 47. Qd7 Ka5 48. Bxb7 c4 49. Bd5 Qc5 50. Qb7 c3 51. Bb3 c2 52. Bxc2 Qxc2+ 53. Kg3 Qc5 54. Qb8 Qb6 55. Qc8 Qg1+ 56. Kh3 Qc5 57. Qb7 d5 58. Kg3 d4 59. Qb3 Qd6 60. Kf2 Qc5 61. Kg2 Qd6 62. Kf2 Qb4 63. Qf7 a6 64. Qc7+ Ka4 65. Qxe5 Qd2+ 66. Qe2 Qc3 67. Qxa6+ Kb4 68. Qd6+ Kc4 69. Qe6+ Kb4 70. Qd6+ Kc4 71. Qa6+ Kb4 72. Qb6+ Kc4 73. Qe6+ Kb4 74. Qd6+ Kc4 1/2-1/2

[Event "PNWCC Super G60 Mar Gp2"]
[Site "Chess.com INT"]
[Date "2021.03.27"]
[Round "2"]
[White "Su, Kevin"]
[Black "Goktepe, Derin"]
[Result "0-1"]
[WhiteElo "1820"]
[BlackElo "1697"]
[PlyCount "136"]
[EventDate "2021.03.27"]
[EventType "swiss (rapid)"]
[EventRounds "6"]
[EventCountry "USA"]
[SourceTitle "CBM 201 Extra"]
[Source "ChessBase"]
[SourceDate "2021.05.31"]
[SourceVersion "1"]
[SourceVersionDate "2021.05.31"]
[SourceQuality "1"]

1. e4 e5 2. Nf3 Nc6 3. Bc4 Nf6 4. d3 Bc5 5. c3 d6 6. 0-0 h6 7. a4 a5 8. Nbd2 0-0 9. h3 Bb6 10. Re1 Ne7 11. Nf1 Ng6 12. Ng3 Re8 13. Qb3 Be6 14. Bxe6 Rxe6 15. Nf5 d5 16. Bd2 dxe4 17. dxe4 Nh5 18. Rad1 Qe8 19. Bc1 Nhf4 20. Nh2 Rd8 21. Qc2 Rxd1 22. Qxd1 Qc6 23. Nf1 Qc4 24. Bxf4 exf4 25. Qc2 Ne5 26. Rd1 f3 27. N1e3 Qe2 28. Qxe2 fxe2 29. Re1 Bxe3 30. Nxe3 Nd3 31. Rxe2 Rxe4 32. Rd2 Nc5 33. Rd5 b6 34. Rd8+ Kh7 35. Rc8 Nxa4 36. Rxc7 Nxb2 37. Rxf7 a4 38. Ra7 b5 39. Kf1 Re6 40. Ke2 Rd6 41. f4 Nd3 42. g3 Nc5 43. c4 b4 44. Nd5 b3 45. Kd1 Rd8 46. Kc1 Rb8 47. Kb1 b2 48. Ra5 Ne4 49. Rb5 Nd2+ 50. Kxb2 Nxc4+ 51. Kc3 Rxb5 52. Kxc4 Rxd5 53. Kxd5 a3 54. f5 a2 55. f6 gxf6 56. Ke6 a1Q 57. Kf7 f5 58. Ke6 Qa6+ 59. Kxf5 Kg7 60. h4 Qb5+ 61. Kg4 h5+ 62. Kh3 Kf6 63. g4 Qd3+ 64. Kg2 hxg4 65. h5 Qf3+ 66. Kh2 g3+ 67. Kg1 Qf2+ 68. Kh1 Qh2# 0-1

[Event "PNWCC Super G60 Feb Gp2"]
[Site "Chess.com INT"]
[Date "2021.02.27"]
[Round "2"]
[White "Li, Thomas"]
[Black "Goktepe, Derin"]
[Result "0-1"]
[WhiteElo "1822"]
[BlackElo "1702"]
[PlyCount "64"]
[EventDate "2021.02.27"]
[EventType "swiss"]
[EventRounds "6"]
[EventCountry "USA"]
[SourceTitle "CBM 200 Extra"]
[Source "ChessBase"]
[SourceDate "2021.03.31"]
[SourceVersion "1"]
[SourceVersionDate "2021.03.31"]
[SourceQuality "1"]

1. e4 e5 2. Nf3 Nc6 3. Bb5 a6 4. Ba4 Nf6 5. Qe2 b5 6. Bb3 Bc5 7. 0-0 d6 8. d3 h6 9. Be3 Bxe3 10. fxe3 0-0 11. Nbd2 Ne7 12. h3 Ng6 13. Qf2 Be6 14. Nh4 Nxe4 15. Nxe4 Qxh4 16. Qf3 Bxb3 17. axb3 f5 18. Nc3 Kh7 19. Qc6 Qg5 20. Nxb5 Ne7 21. Qf3 e4 22. dxe4 axb5 23. Rxa8 Rxa8 24. exf5 Rf8 25. Qe4 d5 26. Qd3 Kh8 27. Qxb5 c6 28. Qc5 Rxf5 29. Rxf5 Nxf5 30. Qxc6 Qxe3+ 31. Kh2 Qg3+ 32. Kh1 Ne3 0-1

[Event "Emerald City op"]
[Site "Chess.com INT"]
[Date "2020.06.20"]
[Round "?"]
[White "Goktepe, Derin"]
[Black "Mahajan, Rushaan"]
[Result "0-1"]
[WhiteElo "1930"]
[BlackElo "2208"]
[PlyCount "122"]
[EventDate "2020.06.20"]
[EventType "swiss"]
[EventRounds "5"]
[EventCountry "USA"]
[SourceTitle "EXT 2023"]
[Source "ChessBase"]
[SourceDate "2022.10.05"]
[SourceVersion "1"]
[SourceVersionDate "2022.10.05"]
[SourceQuality "1"]

1. d4 e6 2. c4 b6 3. Nc3 Bb7 4. Nf3 Bb4 5. e3 Bxc3+ 6. bxc3 d6 7. Bd3 Nd7 8. 0-0 Ngf6 9. Bb2 0-0 10. Qc2 Re8 11. e4 e5 12. Rfe1 Nf8 13. Bc1 Ng6 14. h3 Qe7 15. Nh2 Bc8 16. Nf1 Nh5 17. Ne3 Ngf4 18. Nd5 Qg5 19. Nxf4 exf4 20. Kh2 Re6 21. e5 Rh6 22. exd6 Bxh3 23. gxh3 Nf6 24. Bxf4 Qxf4+ 25. Kg1 Rxh3 26. Be4 Nxe4 27. Qxe4 Qxe4 28. Rxe4 cxd6 29. Rae1 g6 30. c5 bxc5 31. dxc5 dxc5 32. Rc4 Rh5 33. Re7 Rf5 34. Rc7 Rb8 35. R7xc5 Rxc5 36. Rxc5 Rb6 37. Ra5 a6 38. Kg2 Rc6 39. Kf1 Kg7 40. Ke2 Kf6 41. Kd3 Ke6 42. c4 h5 43. Kd4 f6 44. Ra3 g5 45. Re3+ Kf5 46. Kd5 Rc8 47. Rf3+ Kg6 48. c5 g4 49. Rg3 Kg5 50. Kd6 h4 51. Rg1 f5 52. c6 f4 53. Kd7 Ra8 54. c7 h3 55. c8Q Rxc8 56. Kxc8 h2 57. Rc1 g3 58. fxg3 fxg3 59. Rc5+ Kf4 60. Rc4+ Ke5 61. Rc5+ Kd4 0-1

[Event "Clark Harmon Memorial"]
[Site "Chess.com INT"]
[Date "2020.04.05"]
[Round "?"]
[White "Goktepe, Derin"]
[Black "Razmov, Valentin"]
[Result "1-0"]
[WhiteElo "1912"]
[BlackElo "1986"]
[PlyCount "79"]
[EventDate "2020.04.04"]
[EventType "swiss"]
[EventRounds "6"]
[EventCountry "USA"]
[SourceTitle "EXT 2024"]
[Source "ChessBase"]
[SourceDate "2023.10.10"]
[SourceVersion "1"]
[SourceVersionDate "2023.10.10"]
[SourceQuality "1"]

1. d4 d5 2. c4 e6 3. Nc3 Nf6 4. cxd5 exd5 5. Bg5 Nbd7 6. Qc2 Be7 7. e3 0-0 8. Bd3 Re8 9. Nge2 Nf8 10. 0-0 c6 11. f3 Nh5 12. Bxe7 Qxe7 13. e4 dxe4 14. fxe4 g6 15. Kh1 Ne6 16. e5 Rf8 17. Ne4 f5 18. Nd6 Nhg7 19. Bc4 Ne8 20. Nxc8 Rxc8 21. Qb3 N8g7 22. Nf4 Rfe8 23. Bxe6+ Nxe6 24. Nxe6 Qxe6 25. Qxb7 Rb8 26. Qxa7 Rxb2 27. Rfb1 Rxb1+ 28. Rxb1 Qc4 29. Qd7 Qe6 30. Qa7 Qc4 31. h3 Qc2 32. Rg1 Qc4 33. Qd7 Qe6 34. Qb7 Qc4 35. Qa7 Rd8 36. Qe7 Qxd4 37. e6 Qd6 38. Qf7+ Kh8 39. e7 Rg8 40. e8Q 1-0